Economic development journal of the Institute of Economics

Guardado en:
Detalles Bibliográficos
Formato: Seriadas
Lenguaje:inglés
Publicado: Skopje Ekonomski institut 2013
Materias:
Etiquetas: Agregar Etiqueta
Sin Etiquetas, Sea el primero en etiquetar este registro!

MARC

LEADER 00000nas2a2200000 4500
001 0239148
005 20180123082503.4
022 |a 1409-7893 
041 0 |a eng 
044 |a MK 
245 1 0 |a Economic development  |b journal of the Institute of Economics 
264 1 |a Skopje  |b Ekonomski institut  |c 2013 
773 0 |w eu_un_cat*s121036 
610 2 0 |a ekonómia 
610 2 0 |a veda ekonomická